Statistics for World Cities A-Z - Hard Version #1

Click here to take the quiz!

General Stats

  • This quiz has been taken 78 times
  • The average score is 12 of 26

Answer Stats

ClueCity% Correct
TNorthernmost city in MoroccoTangier
76%
WIrish city famous for crystalWaterford
70%
ILargest Nigerian city in 1960Ibadan
64%
FCapital of MadeiraFunchal
63%
PNorthern terminus of the Suez CanalPort Said
63%
UBirthplace of Albert EinsteinUlm
62%
LCapital of a pro-Russian
separatist region in Ukraine
Luhansk
59%
QOrchard city of PakistanQuetta
59%
CCapital of Paraná, BrazilCuritiba
58%
DMajor sea port on China's
Liaoning peninsula
Dalian
57%
KSwedish city with namesake of a
medieval Nordic "union"
Kalmar
51%
AHoliest city in SikhismAmritsar
50%
HCity in northwestern Afghanistan
historically known for its wine
Herat
49%
OMost populous city on the IrtyshOmsk
49%
BGeorgia's main port on the Black SeaBatumi
47%
VMississippi city sieged
in the Civil War
Vicksburg
39%
XGreek "city of a thousand colours"Xanthi
39%
GPort city southwest of MelbourneGeelong
38%
MClosest major city to AconcaguaMendoza
38%
NFormer Japanese capital known
for its deer park
Nara
34%
RSyrian city the ISIL made
its capital in 2014
Raqqa
33%
SLargest city in southern OmanSalalah
28%
ESouth Africa's only river portEast London
26%
YThis city in Iran has a rich history
of Zoroastrianism
Yazd
26%
ZWesternmost city in MindanaoZamboanga
26%
J
Site of world's busiest air route
Jeju
16%

Score Distribution

Percentile by Number Answered

Percent of People with Each Score

Your Score History

You have not taken this quiz